Star Wars Characters: Evil vs. Good? Quiz Stats

 Plays Quiz not verified by Sporcle

Challenge
Share
Tweet
Embed
Score 0/23 Timer 04:00
0 Plays Today
Character R/E % Correct
Darth Vader???
98.3%
Luke Skywalker???
98.1%
Han Solo???
98%
Yoda???
96.5%
Chewbacca???
96.4%
Obi-Wan Kenobi???
96.3%
Princess Leia???
96.3%
Emperor Palpatine???
94.3%
Lando Calrissian???
94%
Qui-Gon Jinn???
93.3%
Admiral Ackbar???
92.3%
Mace Windu???
91.6%
Character R/E % Correct
Grand Moff Tarkin???
91.5%
Jyn Erso???
85.3%
Biggs Darklighter???
84.1%
Commander Krennic???
82.3%
General Veers???
82.1%
Cassian Andor???
79.6%
Admiral Ozzel???
79%
Mon Mothma???
77.7%
Admiral Piett???
77%
Captain Needa???
67.9%
General Madine???
48.5%

You're not logged in!

Compare scores with friends on all Sporcle quizzes.
Join for Free
OR
Log In

You Might Also Like...

Show Comments

Extras

Top Quizzes Today


Score Distribution

Your Account Isn't Verified!

In order to create a playlist on Sporcle, you need to verify the email address you used during registration. Go to your Sporcle Settings to finish the process.

Report this User

Report this user for behavior that violates our Community Guidelines.

Details: